Vyučovanie matematiky využitím informačných a komunikačných technológií

Guardado en:
Detalles Bibliográficos
Autor principal: Belasová, Jana
Otros Autores: Ulbrichtová, Andrea
Formato: Capítulo de libro
Lenguaje:eslovaco
Materias:
Etiquetas: Agregar Etiqueta
Sin Etiquetas, Sea el primero en etiquetar este registro!

MARC

LEADER 00000naa$a2200000$$$4500
001 0064913
005 20240502071750.6
041 0 |a slo 
044 |a SK 
245 1 0 |a Vyučovanie matematiky využitím informačných a komunikačných technológií  |c Jana Belasová, Andrea Ulbrichtová 
500 |a Abstrakt 
610 2 0 |a technológie informačné 
610 2 0 |a technológie komunikačné 
610 2 0 |a vyučovanie 
610 2 0 |a matematika 
100 1 |a Belasová, Jana 
700 1 |a Ulbrichtová, Andrea